Movie Character Blitz II Quiz Stats

 Plays Quiz Updated Nov 10, 2017

Challenge
Share
Tweet
Score 0/16 Timer 01:00
1 Play Today
% Correct
The Wicked Witch of the West
95.1%
Austin Powers
94.4%
Hannibal Lecter
94%
Ron Burgundy
90.6%
Lara Croft
90.3%
Annie Hall
89.5%
Neo
89.3%
Leia Organa
89.2%
% Correct
The Dude
88.4%
HAL 9000
86.5%
Norman Bates
82%
Inigo Montoya
80.8%
Mako Mori
79.1%
Jack Torrance
78.7%
Charles Foster Kane
73.8%
Rick Blaine
69.7%

You're not logged in!

Compare scores with friends on all Sporcle quizzes.
OR
Log In

You Might Also Like...

Show Comments

Extras

Top Quizzes Today


Score Distribution

Your Account Isn't Verified!

In order to create a playlist on Sporcle, you need to verify the email address you used during registration. Go to your Sporcle Settings to finish the process.

Report this User

Report this user for behavior that violates our Community Guidelines.

Details: